[Event "SRB-chT"]
[Site "Ruma"]
[Date "2017.09.11"]
[Round "11.5"]
[White "Bodiroga, Predrag"]
[Black "Lajthajm, Borko"]
[Result "0-1"]
[WhiteElo "2341"]
[BlackElo "2459"]
[PlyCount "94"]
[EventDate "2017.09.01"]
[EventType "team-tourn"]
[EventRounds "11"]
[EventCountry "SRB"]
[SourceTitle "CBM 180 Extra"]
[Source "ChessBase"]
[SourceDate "2017.10.06"]
[SourceVersion "1"]
[SourceVersionDate "2017.10.06"]
[SourceQuality "1"]
[WhiteTeam "Elemir Naftagas"]
[BlackTeam "Kac Jugovic"]
[WhiteTeamCountry "SRB"]
[BlackTeamCountry "SRB"]

1. d4 Nf6 2. c4 e6 3. Nf3 Bb4+ 4. Nc3 b6 5. Bg5 Bxc3+ 6. bxc3 d6 7. Nd2 Bb7 8. f3 h6 9. Bh4 Nc6 10. e4 Ne7 11. Bf2 Ng6 12. g3 e5 13. Be2 Bc6 14. Qb3 0-0 15. h4 Re8 16. 0-0 Qd7 17. Kh2 a5 18. Rfe1 Qe7 19. Bf1 a4 20. Qc2 Rf8 21. Bg2 Bd7 22. Nf1 Qe8 23. a3 Be6 24. Ne3 Ra5 25. Bf1 Qd8 26. Rab1 Bd7 27. Red1 Re8 28. c5 exd4 29. cxd4 bxc5 30. Nc4 Ra8 31. dxc5 dxc5 32. Bxc5 Qc8 33. Bd4 Be6 34. Qc3 Qd8 35. Bf2 Qe7 36. Rb5 Red8 37. Rxd8+ Qxd8 38. h5 Nf8 39. Be2 Qe8 40. Ne3 Bd7 41. Re5 Qd8 42. g4 Rb8 43. Bc4 Be6 44. Kg2 Bxc4 45. Qxc4 Ne6 46. Nd5 Rb2 47. Rf5 Nxd5 0-1

[Event "SRB-chT"]
[Site "Ruma"]
[Date "2017.09.02"]
[Round "2.2"]
[White "Saric, Sinisa"]
[Black "Bodiroga, Predrag"]
[Result "1/2-1/2"]
[WhiteElo "2419"]
[BlackElo "2341"]
[PlyCount "26"]
[EventDate "2017.09.01"]
[EventType "team-tourn"]
[EventRounds "11"]
[EventCountry "SRB"]
[SourceTitle "CBM 180 Extra"]
[Source "ChessBase"]
[SourceDate "2017.10.06"]
[SourceVersion "1"]
[SourceVersionDate "2017.10.06"]
[SourceQuality "1"]
[WhiteTeam "Novi Sad CC"]
[BlackTeam "Elemir Naftagas"]
[WhiteTeamCountry "SRB"]
[BlackTeamCountry "SRB"]

1. d4 d6 2. Nf3 Bg4 3. Nbd2 Nd7 4. g3 e5 5. Bg2 c6 6. 0-0 Ngf6 7. dxe5 dxe5 8. Nc4 Qc7 9. b3 Bc5 10. Qe1 0-0 11. b4 Be7 12. Ne3 Be6 13. c4 b6 1/2-1/2

[Event "CRO-chT2 Center 26th"]
[Site "Croatia"]
[Date "2017.03.26"]
[Round "2.42"]
[White "Bodiroga, Predrag"]
[Black "Marangunic, Srdjan"]
[Result "1/2-1/2"]
[WhiteElo "2351"]
[BlackElo "2346"]
[PlyCount "32"]
[EventDate "2017.03.26"]
[EventType "team-tourn"]
[EventRounds "11"]
[EventCountry "CRO"]
[SourceTitle "EXT 2019"]
[Source "ChessBase"]
[SourceDate "2018.10.10"]
[SourceVersion "1"]
[SourceVersionDate "2018.10.10"]
[SourceQuality "1"]

1. Nf3 Nf6 2. c4 e6 3. Nc3 d5 4. d4 Be7 5. Bg5 Nbd7 6. e3 c6 7. a3 a5 8. Rc1 0-0 9. Bd3 h6 10. Bh4 Nh5 11. Bxe7 Qxe7 12. 0-0 Nhf6 13. e4 dxe4 14. Nxe4 Nxe4 15. Bxe4 Nf6 16. Bb1 c5 1/2-1/2

[Event "Palic Karadzic Memorial op"]
[Site "Palic"]
[Date "2016.11.04"]
[Round "9"]
[White "Bodiroga, Predrag"]
[Black "Marjanusic, Vladimir"]
[Result "1-0"]
[WhiteElo "2323"]
[BlackElo "2193"]
[PlyCount "83"]
[EventDate "2016.10.29"]
[EventType "swiss"]
[EventRounds "9"]
[EventCountry "SRB"]
[SourceTitle "CBM 175 Extra"]
[Source "ChessBase"]
[SourceDate "2016.12.12"]
[SourceVersion "1"]
[SourceVersionDate "2016.12.12"]
[SourceQuality "1"]

1. c4 Nf6 2. Nc3 g6 3. e4 d6 4. d4 Bg7 5. Nf3 0-0 6. h3 e5 7. dxe5 dxe5 8. Be3 c6 9. Be2 Qe7 10. a3 Rd8 11. Qc2 h6 12. 0-0 Nh5 13. Rfd1 Rxd1+ 14. Rxd1 Be6 15. c5 Nf4 16. Bf1 Nd7 17. Ne2 Nxe2+ 18. Bxe2 Kh7 19. Rd6 Nf8 20. Qd1 Re8 21. Qa4 a6 22. Bf1 Bc8 23. g3 Ne6 24. Qd1 Nd4 25. Nd2 Be6 26. Nc4 Rd8 27. Rxd8 Qxd8 28. b4 Qd7 29. g4 f5 30. f3 fxe4 31. fxe4 h5 32. gxh5 Bxh3 33. hxg6+ Kxg6 34. Bxd4 exd4 35. Bd3 Bg4 36. e5+ Kf7 37. Nd6+ Ke7 38. Qe1 Kf8 39. Qf2+ Kg8 40. Bc4+ Kh7 41. Qh4+ Bh6 42. Nf7 1-0

[Event "Palic Karadzic Memorial op"]
[Site "Palic"]
[Date "2016.11.03"]
[Round "8"]
[White "Skoberne, Jure"]
[Black "Bodiroga, Predrag"]
[Result "1-0"]
[WhiteElo "2555"]
[BlackElo "2323"]
[PlyCount "49"]
[EventDate "2016.10.29"]
[EventType "swiss"]
[EventRounds "9"]
[EventCountry "SRB"]
[SourceTitle "CBM 175 Extra"]
[Source "ChessBase"]
[SourceDate "2016.12.12"]
[SourceVersion "1"]
[SourceVersionDate "2016.12.12"]
[SourceQuality "1"]

1. d4 Nf6 2. Nf3 d5 3. Bf4 g6 4. e3 Bg7 5. Nbd2 0-0 6. c3 b6 7. Be2 Bb7 8. 0-0 c5 9. b4 c4 10. Ne5 Ne8 11. h4 Nd6 12. h5 Nd7 13. hxg6 hxg6 14. a4 Re8 15. Qc2 Nf8 16. Bh2 Bc8 17. Bf3 Bf5 18. Qa2 e6 19. Rfe1 f6 20. Nexc4 Nxc4 21. Nxc4 dxc4 22. e4 Bg4 23. Bxg4 Rc8 24. Be2 Qd7 25. Bxc4 1-0